Les étoiles en images (1) - Statistiques

Statistiques générales
  • Ce quiz a été pris 33 fois
  • Le résultat moyen est 19 sur 30
Statistiques - réponses
Par images Hint Réponse % Correct
Drapeau de pays // A Algérie
100%
Drapeau de pays // A Australie
97%
Drapeau de pays // A Angola
91%
Drapeau de pays // B Brésil
91%
Drapeau de pays // E Etats-Unis
91%
Drapeau de pays // C Chine
88%
Société // H Brasseur {Heineken}
85%
Drapeau de pays // C Corée-du-Nord
85%
Drapeau de pays // A Azerbaïdjan
82%
Drapeau de pays // B Bosnie-Herzégovine
82%
Drapeau de pays // C Cuba
82%
Expression // D B {Dormir} à la {belle} étoile
82%
Drapeau de pays // C Cameroun
79%
Drapeau de pays // C Chili
76%
Signe // A Astérisque
70%
Drapeau de pays // D Dominique
70%
Drapeau de pays // B Burkina Faso
67%
Drapeau de pays // B Birmanie
64%
Drapeau de pays // C Comores
64%
Drapeau de pays // D Djibouti
64%
Drapeau de pays // B Burundi
61%
Drapeau de pays // C Cap-vert
52%
Drapeau de pays // C Centrafrique
52%
Drapeau de pays // E Egypte
48%
Expression // C {Croire} en son étoile
45%
Sport // S CSKA {Sofia}
39%
Parfum // A {Angel} de Mugler
27%
Société // C Chrysler
15%
Jeu // A {Arcane} de tarot
0%
Catégorie // C {Classification} hôtelière
0%
Aucun quiz correspondant
Distribution des résultats
% des personnes avec chaque résultat
Percentile par nombre de réponses
Votre historique - résultats
Vous n’avez pas pris ce quiz